000 00701nam a2200193 i 4500
001 189444
003 ES-MaACL
005 20250811080503.0
008 190603s1965 sp |||| | spa d
100 1 _aRodríguez Santidrián, Pedro.
_9160710
245 1 0 _aTemarios de predicación misionera /
_cPedro R. Santidrian.
260 _aMadrid :
_bEl Perpetuo Socorro,
_c[1965]
300 _a158 p. ;
_c22 cm.
490 1 _aColección "Kerigma", Cuadernos de Teología y Práctica Pastoral ;
_v13
650 0 4 _aPredicación.
_916342
830 0 0 _aColección "Kerigma".
_pCuadernos de teología y práctica pastoral
_v13
_9193324
852 _aES-MaACL
_jP-565-Ter-3
999 _c189444
_d189444